Egyházi építészeti örökségünk ápolása
Elmentve itt :
| Szerző: | |
|---|---|
| Adatforrás: | Meister |
| Forrásdokumentuma: | Művelődés. - 3 sz., 1997, 32-33 p. |
| Nyelv: | magyar |
| Kulcsszavak: | intézménytörténeta egyházi intézmények műemlékvédelem Erdély |
| LEADER | 00426nab a2200157 i 4500 | ||
|---|---|---|---|
| 001 | bibPRO00001326 | ||
| 008 | 060524s1997 xx hun | ||
| 040 | |a Sz1 | ||
| 041 | |a hun | ||
| 100 | 1 | |a ZZZ | |
| 245 | 1 | 0 | |a Egyházi építészeti örökségünk ápolása |c ZZZ |
| 695 | |a intézménytörténeta | ||
| 695 | |a egyházi intézmények | ||
| 695 | |a műemlékvédelem | ||
| 695 | |a Erdély | ||
| 773 | 0 | |t Művelődés. - |g 3 sz., 1997, 32-33 p. | |